000 00991nam a22002297a 4500
005 20170124103154.0
010 _aB-075849
020 _c150.00
_a8188189022
035 _aB-075849
037 _bCen Lib/Ret
040 _aDPL
_bHN
082 _a080
_bडोभाल
100 _aडोभाल, बल्लभ
_989237
245 _aकैसे कैसे लोग :
_cबल्लभ डोभाल
_bसंस्मरण /
246 _aKaise kaise log : sasmaran /
_bby Balabha Dobhal
260 _aदिल्ली
_bमनीषा प्रकाशन
270 _bदिल्ली
_a५७बी, पॉकेट ए, फेस-2 अशोक विहार
_e110052
300 _a132पृ.
_c20सेमी(सजिल्द)
650 _aḌobhāla, Ballabha, - 1930 -.... - आत्मकथाएँ।
_989238
650 _aḌobhāla, Ballabha, -- 1930-.... -- Biographies.
_989239
942 _2ddc
_cHN
_h080
_mडोभाल
999 _c120225
_d120225